000 00462nam a2200181Ia 4500
001 17255
005 20260306170411.0
008 260306t2017||||xx |||||||||||||| ||und||
041 _aESP
082 _a657.61
_bF43 V. 1
100 _aFerrer Quea, Alejandro
_eAUT
245 0 _aAnálisis y aplicación del PCGE concordado con las NIIF
260 _c2017
300 _a633 páginas :
_c23 cm.
650 _aGEN
654 _aCCO
942 _cLIB
_dJUS
_fJUS
_2ddc
_n
999 _c17255
_d17255